LEADER 01395nam0-2200433li-450 001 990000241960203316 005 20180312154900.0 035 $a0024196 035 $aUSA010024196 035 $a(ALEPH)000024196USA01 035 $a0024196 100 $a20001109d1984----km-y0itay0103----ba 101 0 $aita 102 $aUR 200 1 $aCalcolo delle variazioni$fMichail L. Krasnov, Grigorij I. Makarenko, Aleksandr I. Kiselev$g[traduzione di Alexandr Machov] 210 $aMosca$cMIR$d1984 215 $a151 p.$cill.$d24 cm 312 $aTrad. di: variatsionnoe iscislenie 312 $aTrad. di: Variatsionnoe iscislenie 454 0$12001$aVariatsionnoe iscislenie$91501217 610 1 $acalcolo delle variazioni 676 $a51564$9Calcolo delle variazioni 700 1$aKrasnov,$bMichail L. 700 1$aKrasnov,$bMichail L. 702 1$aKiselev,$bAleksandr I. 702 1$aKiselev,$bAleksandr I. 702 1$aMakarenko,$bGrigorij I. 702 1$aMakarenko,$bGrigorij I. 801 $aSistema bibliotecario di Ateneo dell' Università di Salerno$gRICA 912 $a990000241960203316 951 $a515.64 KRA$b0001073 959 $aBK 969 $aTEC 979 $c19920305 979 $c20001110$lUSA01$h1715 979 $c20020403$lUSA01$h1632 979 $aPATRY$b90$c20040406$lUSA01$h1617 996 $aVariatsionnoe iscislenie$91501217 997 $aUNISA LEADER 01209nam a2200301 i 4500 001 991001193529707536 005 20020507112710.0 008 960528s1994 us ||| | eng 020 $a0306448343 035 $ab10186682-39ule_inst 035 $aLE00643720$9ExL 040 $aDip.to Fisica$bita 084 $a53.1.4 084 $a530.1'5636 084 $aQC174.17.G46Q3 111 2 $aWorkshop on geometric methods$0463607 245 10$aQuantization and infinite-dimensional systems :$bproceedings of the 12th Workshop on geometric methods in physics, held July 1-7, 1993, in Bialowieza, Poland /$cedited by J.-P. Antoine...[et al.] 260 $aNew York :$bPlenum Press,$c1994 300 $aix, 290 p. :$bill. ;$c26 cm. 500 $aIncludes bibliographical references and index. 650 4$aGeometric quantization$xCongresses 700 1 $aAntoine, J.-P. 907 $a.b10186682$b21-09-06$c27-06-02 912 $a991001193529707536 945 $aLE006 53.1.4 ANT$g1$i2006000071222$lle006$o-$pE0.00$q-$rl$s- $t0$u0$v0$w0$x0$y.i10229668$z27-06-02 996 $aQuantization and infinite-dimensional systems$9190326 997 $aUNISALENTO 998 $ale006$b01-01-96$cm$da $e-$feng$gus $h0$i1